Studies in Galilean Aramaic (Record no. 37448)
[ view plain ]
| 000 -LEADER | |
|---|---|
| fixed length control field | 00476nam a22001571a 4500 |
| 020 ## - INTERNATIONAL STANDARD BOOK NUMBER | |
| Terms of availability | 0.00 |
| 040 ## - CATALOGING SOURCE | |
| Original cataloging agency | NEGST Library - Kenya |
| 082 ## - DEWEY DECIMAL CLASSIFICATION NUMBER | |
| Classification number | PJ 5257.K813 1976 |
| 100 ## - MAIN ENTRY--PERSONAL NAME | |
| Personal name | Kutscher E.Y. |
| 245 ## - TITLE STATEMENT | |
| Title | Studies in Galilean Aramaic |
| Statement of responsibility, etc | E.Y. Kutscher |
| Medium | [Text] |
| 260 ## - PUBLICATION, DISTRIBUTION, ETC. (IMPRINT) | |
| Place of publication, distribution, etc | Ramat-Gan, Israel |
| Name of publisher, distributor, etc | Bar-Ilan University |
| Date of publication, distribution, etc | 1976 |
| 300 ## - PHYSICAL DESCRIPTION | |
| Extent | x, 114p.; |
| 500 ## - GENERAL NOTE | |
| General note | Includes Bibliographical References |
| 600 ## - SUBJECT ADDED ENTRY--PERSONAL NAME | |
| Personal name | Aramaic language. |
| 852 ## - LOCATION/CALL NUMBER | |
| -- | 20.00 |
| Withdrawn status | Lost status | Source of classification or shelving scheme | Damaged status | Not for loan | Collection code | Home library | Current library | Shelving location | Date acquired | Source of acquisition | Cost, normal purchase price | Total Checkouts | Full call number | Barcode | Date last seen | Copy number | Price effective from | Koha item type |
|---|---|---|---|---|---|---|---|---|---|---|---|---|---|---|---|---|---|---|
| Library of Congress Classification | General Circulation | AIU/NEGST - Tony Wilmot Memorial Library | AIU/NEGST - Tony Wilmot Memorial Library | General Stacks | 12/10/2009 | Eisenbrauns, Inc. | 20.00 | PJ 5257.K813 1976 | R22902N3232 | 09/26/2019 | 1 | 12/10/2009 | Books |
